[Event "Madrid"]
[Site "Madrid"]
[Date "1996.??.??"]
[Round "3"]
[White "Adams, Michael"]
[Black "San Segundo Carrillo, Pablo"]
[Result "1-0"]
[WhiteElo "2660"]
[BlackElo "2535"]
[Annotator "Wahls, Kopylov"]
[PlyCount "87"]
[EventDate "1996.05.??"]
[Source "ChessBase"]
[SourceDate "2004.01.01"]

1. e4 c5 2. Nf3 d6 3. d4 cxd4 4. Nxd4 Nf6 5. Nc3 Nc6 6. Bg5 e6 7. Qd2 a6 8.
O-O-O h6 {Die Csom-Variante ist das derzeit eindeutig populaerste Abspiel nach
7..a6 8.0-0-0.} 9. Be3 {Ambitionierter als 9.Lf4.} 9... Be7 10. f4 {Natuerlich
ist hier auch 10.f3 im Sinne des "Englischen Angriffs" moeglich.Jetzt steht
wieder Schwarz vor dem Problem der Variantenwahl:} 10... Nxd4 {
Die Alternative besteht in} (10... Bd7 11. h3 b5 12. Bd3 Nxd4 13. Bxd4 b4 14.
Ne2 e5 15. Be3 Qa5 16. Kb1 O-O 17. g4 {und nun entweder 17..Tfd8 oder 17..ef4.}
) 11. Bxd4 b5 12. Qe3 {Neben dem gesunden Entwicklungszug12.Ld3 erscheint
diese Demaskierung der Turm-Dame-Opposition am aussichtsreichsten.} 12... Bb7 {
Wie die Ergebnisse zeigen hat es Schwarz  in dieser ziemlich aktuellen
Variante nicht leicht.Weiss entwickelt mit relativ einfachen (schablonenhaften)
Mitteln eine gefaehrliche positionelle Initiative.Alternativ wird hier 12..Dc7
gespielt.Fragwuerdig erscheint dagegen:} (12... O-O $6 $146 13. Bxf6 gxf6 14.
f5 Kh7 (14... Kg7 15. Bd3 {/\Rh1-f1-f3/}) 15. Bd3 e5 16. Be2 $16 Bb7 17. Rhf1 (
17. Rd3 Rc8 18. Rhd1) 17... Rc8 (17... Rg8 $5) 18. Rf3 Rg8 19. Rh3 Bf8 20. Bh5
Qc7 21. Qe2 Rg5 22. g4 $6 (22. Nd5 $5 Bxd5 23. Rxd5) 22... Rg8 23. Kb1 Kg7 24.
Rhd3 Qc4 25. h4 Be7 (25... b4 $6 26. b3 $1 Qc5 27. Nd5) 26. Qg2 b4 27. Nd5 Bxd5
28. Rxd5 Rc5 29. R5d2 (29. b3 Rxd5 $1 (29... Qb5 $6 30. g5 $1 hxg5 31. hxg5
fxg5 32. f6+ Bxf6 33. Rxd6 $36) 30. Rxd5 Qc7) 29... Rc7 30. Rf2 (30. g5 $5 hxg5
31. hxg5 fxg5 32. f6+ Bxf6 33. Rxd6 $36) 30... Kf8 31. Qf3 a5 32. Qe3 Rh8 33.
Rd5 a4 34. Ra5 $2 d5 $1 $10 35. Ra8+ Rc8 36. b3 Qc6 37. Rxc8+ Qxc8 38. Rf3 d4
39. Qd3 a3 40. Qb5 Qc5 41. Qe2 Kg7 42. Rd3 {
1/2-1/2 Illescas Cordoba,M-Ruban,V/Groningen PCA (01) ;CBM 39 1993}) 13. Bxf6
$1 {Die Verunstaltung der schwarzen Bauernstruktur durch Leichtfigurentausch
auf f6 ist ein haeufiges Thema in der Rauzer-Variante.} 13... gxf6 {
Sollte Schwarz nun versuchen,ihr mit} (13... Bxf6 {
zu entgehen,so geraet er in einen gefaehrlichen (weissrussischen) Angriff:} 14.
e5 Be7 15. exd6 Bxd6 16. Ne4 Bxe4 17. Qxe4 O-O 18. Bd3 g6 19. h4 (19. g4 Qh4)
19... Qf6 20. Rdf1 h5 21. g4 hxg4 22. h5 Ra7 (22... Qf5 23. Qg2 Bxf4+ 24. Kb1
Qe5 25. hxg6 f5 26. Rxf4 $1 Qg7 27. Rxf5 {
1-0 Kovalev,A-Sjoberg,M/Oostende op (08) ;EXP 26 1991}) 23. Kb1 Bc5 24. hxg6
fxg6 25. Qc6 Qe7 26. Rh6 Qd6 27. Rxg6+ Rg7 28. Qe4 Bd4 29. Rxg7+ Bxg7 30. Qh7+
Kf7 31. Qg6+ {1-0 Kovalev-Lagunov, Berlin 1993} (31. Qg6+ Kg8 32. Rh1 {Idee Th8
})) 14. Bd3 {Der vielleicht staerkste,weil natuerlichste Zug.Spielbar sind
allerdings auch die beiden Alternativen:} (14. f5 {
Eventuell ein bisschen ueberhastet,da nach} 14... Qa5 {die Schwaechung} 15. a3
{wohl eine gewisse Konzession bedeutet:} (15. Kb1 b4) 15... Rc8 (15... b4 16.
axb4 Qxb4 17. Rd4 Qc5 18. Na4 Qa5 19. Qc3 Qxc3 20. Nxc3 Kd7 21. Na4 Kc7 22.
Rc4+ Bc6 23. h4 Rhb8 24. Rh3 Kd7 25. Bd3 d5 26. exd5 exd5 27. Rd4 Bd6 28. b3
Be5 29. Rg4 h5 30. Rg7 Ke7 31. Rh7 d4 32. Bc4 Bxg2 33. Rd3 Be4 34. Rxf7+ Kd6
35. Be6 Bxd3 36. cxd3 Bg3 37. Rxf6 Bxh4 38. Rg6 Ra7 39. Nb2 Ke5 40. Nc4+ Kf4
41. f6 Rf8 42. f7 Bg5 43. Kd1 Re7 44. Nd6 Rc7 45. Rg8 Be7 46. Ne8 Rc6 47. Ng7
Ke5 48. Bc4 h4 49. Ke2 Rxc4 50. bxc4 Rxf7 51. Ne8 Rf8 52. Rg6 Rxe8 53. Rxa6 Rh8
54. Kf2 h3 55. Kg1 h2+ 56. Kh1 Bd6 57. Ra5+ Ke6 58. c5 Bb8 59. c6 Rg8 {
0-1 Boenisch,M-Lagunov,A/GER-ch Binz (06) 1995}) 16. Rd3 Rc5 (16... Qc7 17. Kb1
Qc5 18. fxe6 fxe6 19. Qh3 Qe5 20. Be2 h5 21. Rhd1 Kf7 22. Re3 Rcg8 23. Rf1 Qg5
24. Rg3 Qe5 25. Re3 Qg5 26. Rg3 Qe5 {
1/2-1/2 Balashov,Y-Lerner,K/URS-ch51 Lvov ;URS-ch 1984}) 17. Be2 Re5 18. Rf1
Qc7 19. Qg3 Bxe4 20. Nxe4 Rxe4 21. Rc3 Qd7 22. Bf3 Rc4 23. fxe6 fxe6 24. Re3
Kd8 25. Qe1 e5 26. Qa5+ Qc7 27. Qxa6 Rxc2+ 28. Kb1 f5 29. Ree1 Bg5 30. Qa8+ Qc8
31. Qd5 Rd2 32. Qxb5 Qd7 33. Bc6 Qc8 34. h4 Bxh4 35. Rc1 Ke7 36. Qa5 Bg5 37.
Bd5 Qb8 38. Rc7+ Kf6 39. Rf7+ Kg6 40. Rb7 Qc8 {Unclear.This game,not resumed
when Tal withdrew after round nine,was annulled.    Tal,M-Tukmakov,V/URS-ch50
Moscow ;URS-ch 1983}) (14. Kb1 {Dies kann durch Zugumstellung zur Partie
fuehren.Uebrigens versteckt hinter dieser Fortsetzung die zweite aktuelle und
ausserordentlich instruktive Partie (CBM 53) zu unserem Thema:} 14... Qc7 (
14... b4 15. Ne2 Qa5 16. Nd4 (16. f5 Qe5 17. Nf4 Bxe4 18. Bd3 Bxf5 19. Qf3 Rc8)
16... Qc5 17. Qd3 (17. Qe1 O-O-O 18. h4 (18. f5 d5 19. fxe6 dxe4 20. Nb3 Qh5
21. Be2 Qg6) 18... d5 19. e5 fxe5 20. fxe5 Rhg8 21. Rh3 Kb8 22. a3 a5) (17. Bd3
$1 {siehe 14.Ld3}) 17... O-O-O 18. Be2 Kb8 19. Rd2 d5 20. e5 h5 21. Rf1 Qc7 22.
Rf3 fxe5 23. fxe5 Rdf8 24. Qe3 Rhg8 25. Qf2 Bc5 26. Rh3 f6 27. exf6 e5 28. f7
Rg7 29. Bxh5 Bxd4 30. Qf6 Rgxf7 31. Bxf7 Rxf7 32. Qh8+ Ka7 33. Rf3 Rh7 34. Qf8
Rxh2 35. Rh3 Rxh3 36. gxh3 Bxb2 37. Kxb2 Qc3+ 38. Kb1 Qxd2 39. Qc5+ Kb8 40.
Qd6+ Kc8 41. Qe6+ Kc7 42. Qxe5+ Kb6 43. h4 Qc3 44. Qg5 d4 45. h5 d3 46. Qe3+
Ka5 47. cxd3 Bc8 48. Qe4 Ka4 49. Qd5 a5 50. h6 {
0-1 Ankerst,Mil-Palac,M/Munich op9192 (06) ;TD 92\03 1992}) 15. Bd3 O-O-O {
Der schwarze Koenig steht alles andere als gluecklich:} 16. f5 Qc5 $6 17. Qh3
Qe5 $6 {Das nun folgende Motiv sollte man sich merken:} (17... b4 18. Ne2 e5
19. Qh5 $1 Rh7 20. Ng3 $1 {Idee De2,Lc4,Sf1-e3}) 18. fxe6 $1 {
Dadurch entstehen wichtige Fesselungsmotive:} (18. a4 b4) 18... fxe6 19. a4 $1
{Weiss benutzt seinen eigenen Schutzbauern dazu den gegnerischen
Verteidigungswall zu durchbrechen,und vor allem das Feld c4 fuer seinen
Laeufer freizuschaufeln.} 19... Bc6 (19... b4 20. Nd5 $18) (19... bxa4 20. Bc4
a3 (20... Kd7 21. Nxa4 Bxe4 22. Nc5+ $18 (22. Bxe6+)) 21. Bxe6+ Kb8 22. Bd5 $16
) 20. axb5 Bd7 (20... axb5 21. Bxb5 Bxb5 22. Rd5 $18) 21. bxa6 $16 {
Natuerlich besitzt Schwarz keineswegs Kompensation fuer zwei Minusbauern.}
21... Kc7 22. Qe3 (22. Qg3 $5) (22. Na2 $5 Rb8 23. c3 Rb6 24. Rhe1 (24. Nb4 d5)
24... Rhb8 25. Nb4) 22... Ra8 23. Bc4 Rhb8 24. Qd4 Qa5 25. Ne2 Bb5 26. Bxb5
Qxb5 27. Nf4 Kd7 28. Nd3 Rc8 29. a7 Rc4 30. Qe3 Qa5 31. c3 Rxa7 32. Nb4 Rxb4
33. cxb4 Qa2+ 34. Kc2 f5 35. h4 Rc7+ 36. Kd3 Qc4+ 37. Kd2 Qc2+ 38. Ke1 Qxg2 39.
Rh3 {Vydeslaver,A-Greenfeld,A/Beersheba (09) ;CBM 53_05 1996/0-1 (56)}) 14...
Qa5 15. Kb1 b4 16. Ne2 Qc5 (16... O-O-O {Wie bereits oben erwaehnt ist die
lange Rochade fuer Schwarz nicht unproblematisch:} 17. f5 Qc5 18. Qxc5+ $2 {
Aus zwei prinzipiellen Gruenden sollte Weiss in derartigen Stellungen auf
Damentausch verzichten.Zum einen steht der schwarze Koenig weitaus exponierter
als sein weisser Kollege,zum anderen kommt gerade im Endspiel das schwarze
Laeuferpaar besonders gut zur Geltung.} (18. Qh3 Qe5 (18... e5 19. Qh5 Rh7 20.
Ng3 $16) 19. fxe6 fxe6 20. Bc4 (20. Nd4 $5 Qxd4 21. Qxe6+) 20... Kb8 (20...
Bxe4 21. Bxe6+ Kb8 22. Rhe1 $16) 21. Nd4 Qxe4 22. Rhe1 Qxg2 23. Qxe6 $16) 18...
dxc5 19. fxe6 fxe6 20. Nf4 Rd6 21. Bc4 Bxe4 22. Bxe6+ Kb8 23. Bd5 $4 Rhd8 {
0-1 Wiersma,E-Vydeslaver,A/Groningen op ;EXP 50 1995}) 17. Nd4 $1 {Ein sehr wic
htiger Zug!Koennte Schwarz die weisse Dame aus dem Zentrum vertreiben,etwa
nach17.Dg3 0-0-0,haette er keinen Grund zur Klage.Der Springerzug nimmt den
schwarzen Koenig ins Visier (Adams).} 17... Bc6 $6 {San Segundos Zug ist
schwerlich dazu angetan die schwarzen Probleme in dieser Variante zu loesen.
Das Hauptmanko ist der mit ihm verbundene Zeitverlust.Seine Absicht koennte in
dreierlei Dingen bestehen:1.Der Wegzug der weissen Dame aus der
Quasi-Fesselung (siehe Adams-Greenfeld und Adams-Serper) wird verhindert,da
nach 18.De2? Dd4 19.Lb5 ohne Schach erfolgt.2.Durch die Ueberfuehrung des
Laeufers nach d7 wird der neuralgische Punkt e6 gestuetzt.3.Nach dem
Bauernvorstoss a6-a5 ist kein weisser Leichtfigureneinfall auf b5 mehr
moeglich.} (17... e5 18. Nf5 Qxe3 19. Nxe3 exf4 20. Nd5 {Ftacnik} (20. Nf5 Rg8
21. Rd2 $16)) (17... Bd8 18. Qh3 Ke7 19. Nb3 Qb6 20. Rhf1 {Idee e5 (Adams)}) (
17... O-O-O 18. c3 bxc3 (18... e5 19. Qh3+ Kb8 20. Nf5) 19. Rc1 {(Adams)}) (
17... h5 18. Qe2 a5 (18... h4 19. Bc4 Rg8 20. f5 Bxe4 21. Qxe4 d5 22. fxe6 $1
Qxc4 23. Qh7 $18 {(Ftacnik)}) 19. Bb5+ Kf8 20. Bc4 Qb6 (20... a4 $2 21. Bxe6)
21. g4 $1 (21. f5 e5 22. Nf3 Rc8 {Adams-Greenfeld} (22... a4 23. Rd2 Rc8 24.
Bd5 Ba6 25. Qf2 Qxf2 26. Rxf2 Bd8 $10 {
1/2-1/2 Adams,M-Greenfeld,A/EUCup f Ljubljana (01) ;CBM 51 1995 (50)}) 23. Rhg1
$14) 21... hxg4 (21... Rc8 22. Rhg1 $1 (22. g5 f5) 22... hxg4 (22... h4 23. f5
$16) 23. Bb3 Qa6 24. Qxg4 a4 25. Bxe6) 22. Qxg4 f5 (22... Bxe4 23. Nxe6+ $1
fxe6 24. Qxe6 Bg6 25. Rhg1) 23. Nxe6+ $1 (23. Nxf5 $6 exf5 24. Qxf5 d5 25. Bxd5
Bxd5 26. exd5 Rd8 $13 {(Ftacnik)}) 23... fxe6 (23... Ke8 24. Qg1 Bd8 25. Qg7
$18) 24. Qg6 Qc7 (24... Qd8 25. Bxe6 Qe8 26. Qxf5+ Kg7 27. Rhg1+) (24... d5 25.
Rhg1 dxc4 26. Qg7+ Ke8 27. Qxh8+ Bf8 28. Rg7 (28. Qh5+ Ke7 29. Qh7+ Ke8 30.
Qd7#)) (24... b3 25. Bxe6 bxc2+ 26. Ka1 cxd1=Q+ 27. Rxd1 $18 {(Ftacnik)}) 25.
Qxe6 (25. Bxe6 Bh4 26. Qxf5+ Ke8 $16) 25... Ke8 (25... d5 26. Qxf5+ Ke8 27.
Bb5+ Kd8 28. Rxd5+) (25... Bh4 26. Qxf5+ Ke8 27. Bb5+ Kd8 28. Qe5 Rf8 29. Rxd6+
Kc8 30. Rg1 $18 {(Ftacnik)}) 26. Rhg1 Bxe4 (26... fxe4 27. Rg7 Bc6 28. Qf7+ Kd8
29. Rg8+ Rxg8 30. Qxg8+ Be8 31. Bb5 $18 {(Ftacnik)}) 27. Rg7 Kd8 (27... Rc8 28.
Rxe7+) (27... Rb8 28. Rdg1 Rf8 29. Rg8 (29. Rg8 Kd8 30. R1g7 $18)) (27... Qd7
28. Bb5) 28. Rxe7 Qxe7 29. Rxd6+ Qxd6 (29... Ke8 30. Qg6+ Kf8 31. Rf6+ Qxf6 32.
Qxf6+ Ke8 33. Bb5+ Bc6 34. Bxc6#) 30. Qxd6+ Ke8 31. Qe5+ {
1-0 Adams-Serper, New York 1996}) (17... Rg8 {Ftacnik} 18. Qe2) 18. Rhe1 Bd7
19. f5 {Durch die wunderbar zentralisierte weisse Armee macht der schwarze
Koenig einen recht gefaehrdeten Eindruck.Verstaendlich also des Schwarzen
Entscheidung, die Damen vom Brett zu nehmen:} 19... e5 (19... Bd8 $2 20. fxe6
fxe6 21. e5 $1 $18 fxe5 (21... dxe5 22. Bg6+ Kf8 23. Nxe6+ $18) (21... Qxe5 22.
Qf3) 22. Bg6+ Ke7 23. Qf2 $18) (19... a5 20. fxe6 fxe6 21. Be2 $1 a4 (21... e5
$2 22. Bh5+ Kf8 (22... Kd8 $2 23. Ne6+ Bxe6 24. Qxc5) 23. Qb3 Rh7 24. Ne6+ Bxe6
25. Qxe6 $18) 22. Qh3 a3 23. Bg4 (23. Bh5+ Kd8 24. Bg4) 23... axb2 24. Bxe6
Bxe6 25. Qxe6 $18) 20. Nb3 Qxe3 21. Rxe3 Rg8 22. g3 a5 23. Bc4 $16 {Zwar ist de
r Damentausch per se ein Erfolg fuer Schwarz (siehe oben),doch mit den
uebrigen Parametern steht es nicht zum besten:Weiss kontrolliert das
Schluesselfeld d5 und ist durch seine bereits abgeschlossene Entwicklung und
die bessere Koordination seiner Kraefte in der Lage, die Stellung am
Damenfluegel erfolgreich zu oeffnen.} 23... a4 24. Nc1 (24. Bd5 Rc8 25. Nd2 Bb5
) 24... Bc6 25. Bd5 Rc8 26. b3 Bd8 (26... axb3 27. axb3 $1 (27. Bxc6+ Rxc6 28.
axb3 Kd7 29. Nd3 Rb8 30. Nb2 Bd8 31. Nc4 Bb6) (27. Rxb3 Bxd5 (27... Ba4 28. Rb2
Bd8 29. Nd3 Ba5 30. Rc1) 28. exd5 (28. Rxd5 Rc4) 28... Rg4) 27... Bd8 28. Na2
Ba5 29. Bxc6+ Rxc6 30. Rd5 Ra6 31. Rb5) (26... a3 27. Bxc6+ $1 (27. Nd3 $6 Bxd5
28. exd5 Rg4) (27. c3 $5 Bxd5 28. Rxd5 bxc3 29. Kc2 Kd7 30. Ne2 $16) 27... Rxc6
$18 28. Rd5 Bd8 (28... Kd7 29. Rb5) (28... Rb6 29. Ra5 $1 Kd7 (29... Bd8 30.
Nd3) 30. Ra7+) 29. Nd3 Rb6 30. Ra5 Rb8 31. Ra4) 27. Bxc6+ Rxc6 28. bxa4 Ke7 (
28... Bb6 29. Rb3 Rc4 30. Rxd6) 29. Rd5 (29. Rb3 Rc4) 29... Bb6 (29... Ra6 30.
Rb3 Rxa4 31. Nd3 $16 Ba5 $2 32. Nb2 Ra3 33. Rxa3 bxa3 34. Rxa5 axb2 35. Ra7+
Kf8 36. Ra8+ $18) 30. Rb3 Bc5 31. Nd3 Ra8 32. Nxb4 $18 {
Der Vorteil ist jetzt auch zaehlbarer Natur.} 32... Rc7 33. Rdd3 Rxa4 34. Nd5+
Kd7 35. Nxf6+ Kc6 36. a3 Rca7 37. Ka2 Rc4 38. Rbc3 Rca4 39. g4 Rb7 40. h4 Rbb4
41. g5 hxg5 42. hxg5 Rxe4 43. g6 fxg6 44. fxg6 1-0

[Event "Tilburg Fontys"]
[Site "Tilburg"]
[Date "1996.??.??"]
[Round "5"]
[White "Adams, Michael"]
[Black "Svidler, Peter"]
[Result "1/2-1/2"]
[WhiteElo "2685"]
[BlackElo "2650"]
[Annotator "Svidler"]
[PlyCount "68"]
[EventDate "1996.10.11"]
[Source "ChessBase"]
[SourceDate "2004.01.01"]

1. e4 {Gutman,L} 1... c5 2. Nf3 d6 3. d4 cxd4 4. Nxd4 Nf6 5. Nc3 Nc6 6. Bg5 e6
7. Qd2 a6 8. O-O-O h6 9. Be3 Be7 10. f4 Nxd4 11. Bxd4 b5 12. Qe3 $5 Qc7 13. e5
$1 dxe5 14. fxe5 $1 Nd7 15. Ne4 Bb7 16. Nd6+ $1 Qxd6 17. exd6 Bg5 18. Qxg5 hxg5
19. Bxg7 Rh4 20. Bc3 (20. Bd4 $1 Rc8 (20... f5 21. Bf2 Rh7 22. a4 Bc6 23. h4
Nf6 24. Bd3 Ng4 25. Bg3 gxh4 26. Rxh4 Rxh4 27. Bxh4 Kd7 $44 {
Ferguson,M-Kiselev,S/Benasque/1996/}) 21. Bf2 (21. Rd2 Bd5 22. Bf2 (22. Be3 f6
23. Bd3 Ne5 24. b3 Kd7 25. Rf1 Rxh2 26. Rxf6 Rxg2 27. Rxg2 Bxg2 28. Kb2 Rg8 29.
Be2 Kxd6 $17 {Varavin,V-Makarov,M/Elista(RUS-ch)/1994/}) 22... Ra4 23. h4 $1
Nf6 24. Rd4 Ne4 25. Rxa4 Nxf2 26. Rxa6 Nxh1 27. Bxb5+ Kf8 28. hxg5 Ng3 29. g6
Bxg2 30. Ra7 Rd8 31. Rxf7+ Kg8 32. d7 Nf5 33. c4 Bf1 34. a4 Bd3 35. c5 {
Jepson,C-Degerman,L/Linkoping/1996/}) 21... Ra4 (21... Rh6 22. a4 $1 {Gutman,L}
(22. h4 e5 23. Rh3 (23. Be2 Bxg2 24. Rhg1 Be4 25. Rd2 Rc6 26. hxg5 Rhxd6 27.
Rxd6 Rxd6 28. Rg3 Rc6 29. c3 Bg6 30. Rh3 Ke7 31. Rh8 {
1/2-1/2 Wahls,M-Lagunov,A/GER-ch Binz 1995}) 23... g4 24. Re3 Kf8 25. Bg3 f5
26. Bxe5 Be4 27. Rxe4 fxe4 28. Bg3 Rh5 29. c3 {
1-0 Wahls,M-Lagunow,A/GER-ch 1996 (51)}) 22... bxa4 23. Rd4 e5 24. Rb4 a3 25.
bxa3 $16) 22. Kb1 (22. h4 $5) 22... Bd5 23. a3 f6 24. Rg1 Rc6 25. Be2 Rxd6 26.
b3 Rxa3 27. Kb2 b4 28. c4 Rc6 29. Rde1 Ne5 30. Bd4 Bxc4 31. bxc4 Rd6 32. Rd1 {
Wahls,M-Henrichs,T/Biel/1996/}) 20... Rc8 (20... Bd5 21. h3 Nc5 22. Be5 $6 Rc8
23. b3 $2 Kd7 24. Rh2 Re4 25. Bf6 Rf4 $1 26. Bxg5 Rf2 $36 27. Bd2 Bxb3 28. Kb2
Ba4 $19 {Klovans,J-Vekshenkov,N/URS/1987/}) 21. h3 (21. Be1 $5 Ra4 (21... Be4
22. Rd2 Rh7 $13) (21... Rh6 22. h4 e5 $13) 22. h4 Be4 23. Rd2 Nc5 24. d7+ $1 (
24. hxg5 Nb3+ $1) 24... Nxd7 25. hxg5 $16) 21... Bd5 22. Rh2 Re4 $1 (22... Bxa2
23. g4 $16) (22... Rf4 23. g4 $16) 23. Bd3 (23. g4 Nc5 $44 24. Bg2 Re2) 23...
Rf4 $1 (23... Re3 24. Kd2 Rg3 25. Rg1 {/\Ke2-f2/}) 24. Bd2 Rf2 25. Be3 (25.
Bxg5 Ne5 $1 $40) 25... Rxg2 26. Rxg2 Bxg2 27. Bxg5 (27. Rg1 Ne5 (27... Bxh3 28.
Rxg5 Nf6 29. Bd4 Nd5 30. Rg3 $16) 28. Rxg2 Nxd3+ 29. Kb1 Nb4 $1 30. Rxg5 Kd7
$44) 27... Ne5 (27... f6 {Gutman,L} 28. Bf4 Bxh3 29. Rh1 Bf5 30. Bxf5 exf5 31.
Rh8+ $16) 28. Be2 $1 (28. a4 {Gutman,L} 28... Kd7 29. axb5 Nxd3+ 30. Rxd3 axb5
31. h4 Be4 32. Rd2 Bg6 {
Die verschiedebfarbigen Laeufer geben Weiss kaum reale Gewinnchancen.}) 28...
Kd7 $1 (28... Bxh3 29. Bf4 (29. a4 Bf5 30. c3 bxa4 $1 31. Bxa6 Rc5 $1) 29...
Bf5 30. c4 $3 {Adams/} (30. c3 Rc5) 30... Nd7 (30... Nd3+ 31. Bxd3 Bxd3 32. d7+
$18) 31. Rh1 Nf8 32. Rh8 Kd7 33. Bh6 Ng6 34. Rxc8 Kxc8 35. cxb5 $16) 29. Bf6 (
29. h4 Be4 (29... Bf3 $1 30. Bxf3 Nxf3 31. Bf6 Rc5 $10) 30. c3 Nf3 31. Bf6 Rc5
(31... Rg8 32. Rf1 Rg6 33. Be7 $14) 32. Rf1 Rf5 33. Be7 $14) 29... Ng6 $1 (
29... Nc4 30. h4 Ne3 31. Rd2 $14) 30. Bg4 (30. Rd4 Bxh3 31. a4 Rc5 $10) 30...
Nf4 31. Rd2 Bxh3 32. Bxh3 Nxh3 33. Rh2 Nf4 34. Rh7 Kxd6 1/2-1/2

[Event "Dos Hermanas"]
[Site "Dos Hermanas"]
[Date "1997.??.??"]
[Round "4"]
[White "Short, Nigel D"]
[Black "Anand, Viswanathan"]
[Result "1/2-1/2"]
[WhiteElo "2690"]
[BlackElo "2765"]
[Annotator "Gofshtein,L"]
[PlyCount "96"]
[EventDate "1997.04.01"]
[Source "ChessBase"]
[SourceDate "1997.08.01"]

1. e4 c5 2. Nf3 Nc6 3. d4 cxd4 4. Nxd4 Nf6 5. Nc3 d6 6. Bg5 e6 7. Qd2 a6 8.
O-O-O h6 9. Be3 Be7 10. f4 Nxd4 11. Bxd4 b5 12. Qe3 Qc7 13. e5 dxe5 14. fxe5
Nd7 15. Ne4 Bb7 16. Nd6+ Qxd6 17. exd6 Bg5 18. Qxg5 hxg5 19. Bxg7 Rh4 20. Bd4 (
20. Bc3 f6 (20... Rc8 21. h3 Bd5 22. Rh2 Re4 23. Bd3 Rf4 24. Bd2 Rf2 25. Bxg5
Rxg2 26. Rxg2 Bxg2 27. h4 Ne5 $14 {Adams-Svidler,Tilburg 96}) 21. Be1 Rh6 22.
h4 Kf7 23. Rh3 gxh4 24. Rxh4 Rxh4 25. Bxh4 Rg8 26. g3 Bd5 27. a4 Rb8 28. axb5
axb5 29. Be2 b4 $14 {Adams-Smirin Cap D Agde,96}) 20... f5 (20... Rc8 21. Rd2 (
21. Bf2 Rh6 22. h4 e5 23. Be2 (23. Rh3 g4 24. Re3 Kf8 25. Bg3 f5 26. Bxe5 Be4
27. Rxe4 fxe4 28. Bg3 Rh5 29. c3 Rf5 30. Be2 $16 {Wahls-Lagunov,Germany 96})
23... Bxg2 24. Rhg1 Be4 25. Rd2 Rc6 26. hxg5 Rhxd6 27. Rxd6 Rxd6 28. Rg3 Rc6
29. c3 $11 {Wahls-Lagunov,Bins 95} 29... Bg6 30. Rh3 $11) (21. Be3 f6 22. Rd2
Kf7 23. h3 e5 24. Bd3 Ke6 25. Rf1 Be4 26. Bxe4 Rxe4 27. Rd3 Rec4 28. Rd2 $11 {
Mozaliov.S-KalininA.,Russia 96}) 21... Bd5 22. Be3 f6 23. Bd3 Ne5 24. b3 Kd7
25. Rf1 Rxh2 26. Rxf6 Rxg2 $17 {Varavin-Makarov,Russia94}) 21. b3 Rc8 $6 (21...
Kf7 $5 22. h3 e5 23. Bf2 Rh6 $44) 22. Kb2 Kf7 23. h3 Bc6 24. Rg1 (24. c4 bxc4
25. Bxc4 Bb5 $132) 24... e5 25. Bf2 Rhh8 26. c4 Nf6 (26... f4 $5 27. Be2 (27.
Bd3 e4 28. Be2 e3 29. Be1 Nf6 30. Bc3 Rcd8 $132) 27... Nf6 $44) 27. Bd3 f4 (
27... e4 28. Be2 f4 29. Bd4 $14) 28. Bf5 Bd7 29. Bxd7 Nxd7 30. c5 (30. cxb5
axb5 31. Rd5 b4 32. Rb5 Rb8 33. Rxb8 Rxb8 34. Rc1 Ke6 35. Rc4 Kxd6 36. Be1 Kd5
37. Bxb4 e4 $132) 30... Ke6 31. b4 Rh7 32. Rge1 Kf5 (32... g4 $6 33. hxg4 Rg7
34. Rh1 Rxg4 35. Rh7 $18) 33. Kb3 Ke6 34. Bd4 (34. a4 $5) 34... Kd5 $1 (34...
Kf5 $2 35. Bxe5 Nxe5 36. Rd5 Re8 37. d7 $18) 35. Bxe5+ Kc6 36. Bc3 g4 37. hxg4
(37. Re7 $5 $16) 37... Rh4 38. Ra1 $2 (38. g5 $1 Rg8 (38... Rg4 39. Bf6 Rg3+
40. Kc2 Rxg2+ 41. Rd2 $18) 39. Bf6 Nxf6 40. gxf6 Rxg2 41. Rh1 Rhg4 42. Rh3 $18)
38... a5 $1 (38... Rxg4 $2 39. a4 $1 $18) 39. a4 axb4 40. Bxb4 bxa4+ 41. Rxa4
Rxg4 42. Ra6+ Kb5 43. Ra5+ Kc6 44. Re4 $2 (44. Rea1 Rxg2 (44... Nb8 45. Ra8
Rcg8 46. R1a7 $18) 45. Ra6+ Kb7 46. Ra7+ Kc6 47. R1a6+ $18) 44... Rxg2 45. Rxf4
Rgg8 46. Kc4 (46. Ra6+ Kb5 47. Ra7 Nxc5+ $11) 46... Ra8 47. Rxa8 Rxa8 48. Re4
Rg8 1/2-1/2

[Event "Madrid Magistral 6th"]
[Site "Madrid"]
[Date "1997.??.??"]
[Round "1"]
[White "Short, Nigel D"]
[Black "San Segundo Carrillo, Pablo"]
[Result "1-0"]
[WhiteElo "2690"]
[BlackElo "2505"]
[Annotator "Kopylov Michael"]
[PlyCount "101"]
[EventDate "1997.06.??"]
[Source "ChessBase"]
[SourceDate "1997.08.01"]

1. e4 c5 2. Nf3 Nc6 3. d4 cxd4 4. Nxd4 Nf6 5. Nc3 d6 6. Bg5 e6 7. Qd2 a6 8.
O-O-O h6 9. Be3 Be7 10. f4 Nxd4 11. Bxd4 b5 12. Qe3 Qc7 {Dies ist derzeit die
Hauptvariante, die relativ forciert zu einem inklaren Endspiel fuehrt.} 13. e5
dxe5 14. fxe5 (14. Bxe5 {wird durch die Kramniks Idee} 14... Ng4 $1 {
entkraeftet.Schwarz bekommt hervorragende Kompensation fuer die Qualitaet.})
14... Nd7 15. Ne4 Bb7 {Erzwungen, da} (15... O-O $2 {an} 16. Nf6+ $1 {scheitert
}) 16. Nd6+ Qxd6 17. exd6 Bg5 18. Qxg5 hxg5 19. Bxg7 Rh4 {Dies ist die
Grundstellung des eingangs erwaehnten Endspiels. Weiss kann sich eines
Mehrbauern und des Laeuferpaares erfreuen. Schwarz hingegen hat aktives
Figurenspiel, Druck gegen g2 und h2 und eine Bauermajoritaet im Zentrum.} 20.
Bd4 {
theory in this variation you can in the analyse of the game Shrot-Anand CBM 59}
20... f5 21. h3 Rc8 $6 (21... Kf7 22. Rg1 e5 23. Bf2 Rh6 $44) 22. Rg1 Be4 $6
23. c3 Rc6 24. Be3 g4 $2 (24... f4 25. Bf2 Rh6 $132) 25. Bf2 $1 Rh7 26. hxg4
fxg4 27. Be2 Bf5 28. Bg3 Nf6 29. Rd4 $1 Rc5 30. Rgd1 e5 31. Rb4 Ne4 32. Be1 $16
Rd7 33. a4 bxa4 (33... Nxd6 34. Bf2 Rc8 35. Rd5 $18) 34. Rxa4 a5 35. c4 Rxd6
36. Rxd6 Nxd6 37. Rxa5 Rxa5 38. Bxa5 $18 Be4 39. Bb4 Nf5 40. Bxg4 Ne3 41. Bf3
Bf5 (41... Bxf3 42. gxf3 Nxc4 43. Bc3 Kf7 44. b3 $18) 42. b3 Kd7 43. Bc5 Ng4
44. Kd2 Nf6 45. Bb6 Ne4+ 46. Ke3 Nd6 47. Bc5 Nf7 48. Be4 Bg4 49. Bd5 Ng5 50. b4
Ne6 51. Ke4 1-0